Language Quiz

Random Language or Letter Quiz
Score 0/11 Timer 03:00
0 Plays Today
Double Word % Correct
O-DDOdd
96.2%
O-ZZOzzy
96.2%
O-TTOttoman
92.3%
O-LLOllie
88.5%
O-HHOhh
88.5%
O-FFOfficer
73.1%
O-PPOpportunity
73.1%
O-GGOggle
69.2%
O-SSOssie
61.5%
0-BBObbligato
30.8%
O-CCOccitanie
19.2%
Remove Ads.
Support Sporcle.
Get the best of Sporcle when you Go Orange. This ad-free experience offers more features, more stats, and more fun while also helping to support Sporcle. Thank you for becoming a member.

You're not logged in!

Compare scores with friends on all Sporcle quizzes.
OR
Log In

Show Comments

Extras

Created Sep 8, 2017ReportNominate
Tags:Letter Quiz, double, Immediately

Top Quizzes Today


Score Distribution

Your Account Isn't Verified!

In order to create a playlist on Sporcle, you need to verify the email address you used during registration. Go to your Sporcle Settings to finish the process.

Report this User

Report this user for behavior that violates our Community Guidelines.

Details: